COMPERHENSIVE PRACTICAL ORGANCE CHEMISTRY QUALITATINE ANALYSIS (Record no. 7335)

MARC details
000 -LEADER
fixed length control field 00349nam a2200133Ia 4500
008 - FIXED-LENGTH DATA ELEMENTS--GENERAL INFORMATION
fixed length control field 150301s2015 xx 000 0 und d
082 ## - DEWEY DECIMAL CLASSIFICATION NUMBER
Classification number 540
Item number C10A
100 ## - MAIN ENTRY--PERSONAL NAME
Personal name AHLUMALIA, V.K
245 ## - TITLE STATEMENT
Title COMPERHENSIVE PRACTICAL ORGANCE CHEMISTRY QUALITATINE ANALYSIS
260 ## - PUBLICATION, DISTRIBUTION, ETC. (IMPRINT)
Name of publisher, distributor, etc. UNIVERSITY PRESS
300 ## - PHYSICAL DESCRIPTION
Extent 294
650 ## - SUBJECT ADDED ENTRY--TOPICAL TERM
Topical term or geographic name as entry element PHARMACEUTICS
942 ## - ADDED ENTRY ELEMENTS (KOHA)
Source of classification or shelving scheme Dewey Decimal Classification
Koha item type Books
Holdings
Withdrawn status Lost status Source of classification or shelving scheme Damaged status Not for loan Collection code Home library Current library Date acquired Source of acquisition Cost, normal purchase price SGTU Bill Number Total Checkouts Full call number Barcode Date last seen Bill Date Koha item type Shelving location Date last checked out
    Dewey Decimal Classification     PHARMACY SGT FA-FP Library SGT FA-FP Library 02/07/2015 ABC-DELHI 325.00 SGTU 5588   540 C10A FP1391 02/07/2015 04/04/2015 Books    
    Dewey Decimal Classification     PHARMACY SGT FA-FP Library SGT FA-FP Library 02/07/2015 ABC-DELHI 325.00 SGTU 5588 1 540 C10A FP1392 27/02/2017 04/04/2015 Books Reference Book 16/02/2017